[Event "10th Essent op"]
[Site "Hoogeveen NED"]
[Date "2006.10.22"]
[Round "3.32"]
[White "Giddins, Stephen"]
[Black "Woudt, Edwin"]
[Result "1/2-1/2"]
[WhiteElo "2197"]
[BlackElo "2072"]
[EventDate "2006.10.20"]
[PlyCount "30"]

1.Nf3 Nf6 2.c4 c5 3.Nc3 Nc6 4.g3 e6 5.Bg2 d5 6.cxd5 Nxd5 7.O-O Be7 8.Nxd5 
exd5 9.d4 O-O 10.dxc5 Bxc5 11.Bg5 Qb6 12.Qxd5 Be6 13.Qe4 Rfe8 14.a3 Bb3 
15.Qg4 Rxe2 1/2-1/2

[Event "10th Essent op"]
[Site "Hoogeveen NED"]
[Date "2006.10.22"]
[Round "3.33"]
[White "Goudriaan, Etienne"]
[Black "Otte, Marijn Willem"]
[Result "0-1"]
[WhiteElo "2065"]
[BlackElo "2162"]
[EventDate "2006.10.20"]
[PlyCount "92"]

1.d4 Nf6 2.c4 d6 3.Nf3 Nbd7 4.Nc3 e5 5.e4 c6 6.Be2 g6 7.Bg5 h6 8.Be3 Qc7 
9.h3 Bg7 10.dxe5 Nxe5 11.c5 dxc5 12.Bxc5 Nxf3+ 13.Bxf3 Be6 14.Qd4 Rd8 15.
Qa4 b6 16.Ba3 b5 17.Qc2 Bc4 18.Rd1 Rxd1+ 19.Qxd1 c5 20.b4 O-O 21.Be2 cxb4 
22.Bxb4 Rd8 23.Qc1 Bxe2 24.Nxe2 Qxc1+ 25.Nxc1 Nxe4 26.O-O Bd4 27.Nb3 Bb6 
28.Ba5 Bxa5 29.Nxa5 Rd2 30.Rb1 a6 31.Ra1 Nxf2 32.a4 b4 33.Nb3 Rd1+ 34.Rxd1
Nxd1 35.a5 Kf8 36.Kf1 Ke7 37.Ke2 Nb2 38.Nc5 Nc4 39.Nxa6 b3 40.Kd3 Nxa5 41.
Kc3 Kd6 42.Nb4 Ke5 43.Nd3+ Ke4 44.Nf2+ Kf4 45.Nd1 Kg3 46.Ne3 f5 0-1

[Event "10th Essent op"]
[Site "Hoogeveen NED"]
[Date "2006.10.22"]
[Round "3.34"]
[White "Hulshof, Peter"]
[Black "Potze, Rudolf"]
[Result "1/2-1/2"]
[WhiteElo "2158"]
[BlackElo "2122"]
[EventDate "2006.10.20"]
[PlyCount "117"]

1.e4 c5 2.Nc3 Nc6 3.g3 g6 4.Bg2 Bg7 5.d3 e6 6.Be3 d6 7.Qd2 Rb8 8.Nge2 b5 
9.O-O b4 10.Nd1 Nd4 11.Nc1 Ne7 12.c3 bxc3 13.bxc3 Ndc6 14.Bh6 O-O 15.Bxg7 
Kxg7 16.Ne3 e5 17.f4 f6 18.fxe5 fxe5 19.Rxf8 Qxf8 20.Nb3 Be6 21.Rf1 Qd8 
22.d4 cxd4 23.Nd5 dxc3 24.Qxc3 Rc8 25.Qf3 Ng8 26.h4 a5 27.a4 Rb8 28.Kh2 
Rb7 29.Qc3 Nb4 30.Nc5 Bxd5 31.exd5 dxc5 32.Qxe5+ Kh6 33.d6 Rd7 34.Bh3 Rxd6
35.Rf7 Rd2+ 36.Bg2 Rxg2+ 37.Kxg2 Qd5+ 38.Qxd5 Nxd5 39.g4 g5 40.hxg5+ Kg6 
41.Ra7 Nge7 42.Rxa5 Nc3 43.Ra7 Ned5 44.a5 Kxg5 45.Rg7+ Kf4 46.Rxh7 Kxg4 
47.a6 Na4 48.a7 Nab6 49.Rb7 Kf4 50.Rb8 Ke4 51.a8=Q Nxa8 52.Rxa8 c4 53.Kf2 
Kd4 54.Rd8 c3 55.Ke2 Kc4 56.Rc8+ Kb3 57.Kd3 Nb4+ 58.Kd4 c2 59.Rxc2 1/2-1/2

[Event "10th Essent op"]
[Site "Hoogeveen NED"]
[Date "2006.10.22"]
[Round "3.35"]
[White "Hendriks, Richard V"]
[Black "Bensdorp, Marlies"]
[Result "0-1"]
[WhiteElo "2106"]
[BlackElo "2264"]
[EventDate "2006.10.20"]
[PlyCount "102"]

1.e4 e6 2.Nf3 d5 3.Nc3 Nf6 4.e5 Nfd7 5.d4 c5 6.dxc5 Bxc5 7.Bd3 Nc6 8.Bf4 
f6 9.exf6 Qxf6 10.Bg3 O-O 11.O-O Nd4 12.Nxd4 Bxd4 13.Qh5 g6 14.Qe2 Nc5 15.
Nb5 Bxb2 16.Rab1 Bd7 17.Bd6 Nxd3 18.cxd3 Bxb5 19.Bxf8 Rxf8 20.a4 Ba6 21.
Qxb2 Bxd3 22.Qxf6 Rxf6 23.Rxb7 Bxf1 24.Kxf1 Rf7 25.Rb8+ Kg7 26.a5 Kf6 27.
Ke2 Ke5 28.f3 Kd6 29.Kd3 e5 30.Rd8+ Rd7 31.Rc8 Re7 32.g3 Rf7 33.Ke3 Rb7 
34.Rd8+ Kc5 35.Rc8+ Kb4 36.Re8 d4+ 37.Kd3 Rb5 38.a6 Ra5 39.Rb8+ Kc5 40.
Rc8+ Kd6 41.Rd8+ Ke7 42.Rh8 Rxa6 43.Rxh7+ Ke6 44.Rg7 Ra3+ 45.Kc4 Rc3+ 46.
Kb4 Rxf3 47.Rxg6+ Rf6 48.Rg7 Rf7 49.Rg8 Kd5 50.h4 Rb7+ 51.Ka5 d3 0-1

[Event "10th Essent op"]
[Site "Hoogeveen NED"]
[Date "2006.10.22"]
[Round "3.36"]
[White "Dibala, Radovan"]
[Black "Wielenga, Wiebe"]
[Result "1/2-1/2"]
[WhiteElo "2119"]
[BlackElo "2154"]
[EventDate "2006.10.20"]
[PlyCount "27"]

1.d4 Nf6 2.Nf3 e6 3.e3 b6 4.Bd3 Bb7 5.Nbd2 c5 6.c3 Nc6 7.O-O Be7 8.e4 cxd4
9.cxd4 Nb4 10.Bb1 Ba6 11.Re1 Nd3 12.Re3 Nxc1 13.Qxc1 O-O 14.Bd3 1/2-1/2

[Event "10th Essent op"]
[Site "Hoogeveen NED"]
[Date "2006.10.22"]
[Round "3.37"]
[White "Friesen, Boris"]
[Black "Kulago, Alexander"]
[Result "0-1"]
[WhiteElo "2154"]
[BlackElo "2114"]
[EventDate "2006.10.20"]
[PlyCount "78"]

1.e4 e5 2.Nf3 Nc6 3.Bb5 g6 4.O-O Bg7 5.Re1 Nge7 6.c3 O-O 7.d4 exd4 8.cxd4 
d5 9.exd5 Nxd5 10.Nc3 Bg4 11.Be3 Nxe3 12.fxe3 Ne7 13.h3 Be6 14.e4 c6 15.
Bf1 h6 16.Qd2 Kh7 17.Rad1 Qa5 18.Qf2 Rad8 19.a3 a6 20.Qh4 g5 21.Qf2 Ng6 
22.e5 Bb3 23.Rd2 f5 24.Qg3 Be6 25.Bd3 Nf4 26.Bb1 c5 27.d5 Nxd5 28.Nxd5 
Rxd5 29.Rxd5 Bxd5 30.h4 g4 31.Rd1 Be4 32.Bxe4 fxe4 33.Nd2 Rd8 34.Qxg4 Qa4 
35.e6 Qd4+ 36.Kh1 e3 37.Qf5+ Kh8 38.e7 Qxh4+ 39.Kg1 Qxe7 0-1

[Event "10th Essent op"]
[Site "Hoogeveen NED"]
[Date "2006.10.22"]
[Round "3.38"]
[White "Rooda, Kai P"]
[Black "Ebels, Theo"]
[Result "1/2-1/2"]
[WhiteElo "2148"]
[BlackElo "2101"]
[EventDate "2006.10.20"]
[PlyCount "129"]

1.d4 d5 2.Nf3 Nf6 3.c4 c6 4.e3 Bf5 5.Nc3 e6 6.Be2 Nbd7 7.O-O Bd6 8.b3 O-O 
9.Bb2 h6 10.Rc1 Qe7 11.Bd3 Bxd3 12.Qxd3 Rad8 13.Rfe1 Ba3 14.Rc2 Bxb2 15.
Rxb2 e5 16.Qe2 e4 17.Nd2 Qb4 18.Ndb1 Qd6 19.cxd5 cxd5 20.Nb5 Qb6 21.Rc1 
Rc8 22.Rbc2 Rxc2 23.Rxc2 a6 24.N5c3 Qd6 25.h3 b5 26.Qd2 Nb6 27.Qc1 Qd7 28.
Ne2 Rc8 29.Rxc8+ Qxc8 30.Qc5 Nfd7 31.Qxc8+ Nxc8 32.Nbc3 Ncb6 33.Nf4 Nf6 
34.a3 g5 35.Nfe2 Kg7 36.f3 Kg6 37.Kf2 h5 38.fxe4 Nxe4+ 39.Nxe4 dxe4 40.g4 
h4 41.Nc3 f5 42.gxf5+ Kxf5 43.Kg2 Nc8 44.Nd5 Nd6 45.Ne7+ Ke6 46.Nc6 Nf5 
47.Kf2 Ne7 48.Ne5 Nd5 49.a4 Nb4 50.axb5 axb5 51.Ke2 Nd5 52.Ng4 Ne7 53.Ne5 
Nf5 54.Ng4 Nd6 55.Kd2 b4 56.Ne5 Kd5 57.Ng4 Ke6 58.Ne5 Kd5 59.Ke2 Nf5 60.
Ng4 Ng3+ 61.Ke1 Ke6 62.Ne5 Kd5 63.Kf2 Nf5 64.Ng4 Ke6 65.Ne5 1/2-1/2

[Event "10th Essent op"]
[Site "Hoogeveen NED"]
[Date "2006.10.22"]
[Round "3.40"]
[White "Ten Hagen, Yorick"]
[Black "Van Geffen, Ben"]
[Result "1-0"]
[WhiteElo "2077"]
[BlackElo "2132"]
[EventDate "2006.10.20"]
[PlyCount "99"]

1.e4 e5 2.Nf3 Nc6 3.Bb5 a6 4.Ba4 Nf6 5.O-O b5 6.Bb3 Be7 7.Qe2 O-O 8.c3 d5 
9.d3 d4 10.h3 h6 11.cxd4 Nxd4 12.Nxd4 Qxd4 13.Be3 Qd6 14.f4 Be6 15.Bc2 
exf4 16.Rxf4 Nd7 17.d4 Bg5 18.Rf3 Bc4 19.Qf2 Bxe3 20.Qxe3 Rae8 21.b3 Bd5 
22.Nc3 Bb7 23.Qd3 c5 24.Rd1 b4 25.Nd5 f5 26.Qc4 Kh8 27.dxc5 Qxc5+ 28.Qxc5 
Nxc5 29.Rxf5 Rxf5 30.exf5 Re2 31.Bb1 Rb2 32.Nf4 Kg8 33.Rc1 Ne4 34.Bd3 Nd6 
35.Rc7 Be4 36.Bxe4 Nxe4 37.Ng6 Nd6 38.g4 Ne8 39.Re7 Nd6 40.Rd7 Ne8 41.Kf1 
Rxa2 42.h4 a5 43.Re7 Nd6 44.Ke1 Rc2 45.Re6 Kf7 46.Rxd6 Rc3 47.Rd8 Re3+ 48.
Kd2 Re8 49.Rxe8 Kxe8 50.Kd3 1-0

[Event "10th Essent op"]
[Site "Hoogeveen NED"]
[Date "2006.10.22"]
[Round "3.41"]
[White "Malinarski, Yehuda"]
[Black "Hendriks, Peter"]
[Result "0-1"]
[WhiteElo "2126"]
[BlackElo "2092"]
[EventDate "2006.10.20"]
[PlyCount "75"]

1.e4 d5 2.exd5 Qxd5 3.Nc3 Qa5 4.d4 Nf6 5.Nf3 c6 6.Bd2 Bf5 7.Bc4 e6 8.d5 
Qc5 9.dxc6 Nxc6 10.Qe2 Be7 11.h3 h6 12.a3 a6 13.O-O b5 14.Nxb5 axb5 15.
Bxb5 O-O 16.Be3 Qd6 17.b4 Ne4 18.Qc4 Ne5 19.Nxe5 Qxe5 20.Bc6 Rfc8 21.b5 
Rxa3 22.Rxa3 Bxa3 23.Bd4 Qd6 24.Qa4 Bc5 25.Bxe4 Qxd4 26.Qa6 Rb8 27.Bxf5 
exf5 28.Qc6 g6 29.Kh1 Qb4 30.Rd1 Qxb5 31.Qf3 Rc8 32.Qd5 Qc6 33.f3 Qxd5 34.
Rxd5 Bf2 35.g4 fxg4 36.c4 g3 37.Kg2 Kg7 38.f4 0-1

[Event "10th Essent op"]
[Site "Hoogeveen NED"]
[Date "2006.10.23"]
[Round "4.1"]
[White "Goloshchapov, Alexander"]
[Black "Gurevich, Mikhail"]
[Result "1/2-1/2"]
[WhiteElo "2552"]
[BlackElo "2648"]
[EventDate "2006.10.20"]
[PlyCount "111"]

1.e4 e6 2.d4 d5 3.Nc3 Nf6 4.Bg5 dxe4 5.Nxe4 Be7 6.Nxf6+ Bxf6 7.Bxf6 Qxf6 
8.Nf3 c5 9.c3 cxd4 10.Qxd4 Qxd4 11.Nxd4 Ke7 12.O-O-O Bd7 13.Be2 Nc6 14.Bf3
Rac8 15.Rhe1 Nxd4 16.Rxd4 Rc7 17.Kc2 b6 18.a4 Rhc8 19.Be2 Rc5 20.Rb4 R8c7 
21.g3 g5 22.h4 h6 23.hxg5 hxg5 24.Bd3 Bc6 25.Be4 Bd7 26.Bd3 Bc6 27.Be4 Re5
28.f4 gxf4 29.gxf4 Rxe4 30.Rbxe4 Bxe4+ 31.Rxe4 f5 32.Rd4 e5 33.fxe5 Ke6 
34.Kd3 Kxe5 35.Ke3 Rh7 36.Rb4 Rh3+ 37.Kf2 f4 38.a5 bxa5 39.Ra4 Kf5 40.
Rxa5+ Kg4 41.Rxa7 Rh2+ 42.Kg1 Rxb2 43.c4 Kg3 44.Rg7+ Kf3 45.Ra7 Rb1+ 46.
Kh2 Rb3 47.c5 Rc3 48.c6 Rxc6 49.Ra3+ Kf2 50.Ra2+ Ke3 51.Ra3+ Ke2 52.Ra2+ 
Kd3 53.Kg2 Rc2+ 54.Rxc2 Kxc2 55.Kf3 Kb1 56.Kxf4 1/2-1/2

[Event "10th Essent op"]
[Site "Hoogeveen NED"]
[Date "2006.10.23"]
[Round "4.2"]
[White "Cheparinov, Ivan"]
[Black "Smeets, Jan"]
[Result "1/2-1/2"]
[WhiteElo "2632"]
[BlackElo "2525"]
[EventDate "2006.10.20"]
[PlyCount "91"]

1.d4 d5 2.c4 c6 3.Nf3 e6 4.e3 Nf6 5.b3 Nbd7 6.Bd3 b6 7.Bb2 Bb7 8.Nc3 Be7 
9.O-O O-O 10.Qe2 Qc7 11.Rad1 Rad8 12.Rfe1 Rfe8 13.e4 dxe4 14.Nxe4 Nxe4 15.
Qxe4 Nf8 16.Qg4 Bf6 17.Bc1 c5 18.Bf4 Qc8 19.dxc5 Qxc5 20.Ne5 Ng6 21.Bxg6 
hxg6 22.Nd7 Qa5 23.Nxf6+ gxf6 24.Qe2 Qf5 25.Bc1 Qe4 26.Qxe4 Bxe4 27.Ba3 
Kg7 28.Bd6 Bc6 29.b4 Bd5 30.c5 bxc5 31.bxc5 Bxa2 32.Ra1 Bd5 33.Rxa7 Ra8 
34.Rea1 Rxa7 35.Rxa7 Ra8 36.Rxa8 Bxa8 37.h4 f5 38.f3 f6 39.Kf2 Bc6 40.g4 
fxg4 41.fxg4 g5 42.h5 Bd7 43.Kg3 e5 44.Be7 Bc6 45.h6+ Kxh6 46.Bxf6 1/2-1/2

[Event "10th Essent op"]
[Site "Hoogeveen NED"]
[Date "2006.10.23"]
[Round "4.4"]
[White "Brodsky, Mikhail"]
[Black "Van der Elburg, Freddie"]
[Result "1-0"]
[WhiteElo "2566"]
[BlackElo "2359"]
[EventDate "2006.10.20"]
[PlyCount "161"]

1.d4 f5 2.Nc3 Nf6 3.Bg5 d5 4.Bxf6 exf6 5.e3 Be6 6.Qf3 Qd7 7.Bb5 Nc6 8.Nge2
Rd8 9.Nf4 Bf7 10.a3 Be7 11.Nd3 g6 12.b4 Kf8 13.O-O h5 14.Ba4 a6 15.b5 axb5
16.Bxb5 Qd6 17.Nc5 Na5 18.Qe2 b6 19.Nb3 Ra8 20.Rfb1 Kg7 21.Nd2 c6 22.Bd3 
Qc7 23.a4 Bd6 24.h3 Rhe8 25.Qf3 Nb7 26.Ra2 Qd8 27.Raa1 Bc7 28.Nf1 Nd6 29.
Qd1 Ne4 30.Ne2 Qd7 31.c3 g5 32.Qc2 h4 33.f3 Nd6 34.Re1 Re7 35.Nc1 Rae8 36.
Nb3 f4 37.Qf2 Nc4 38.e4 dxe4 39.Rxe4 Ne5 40.Bc2 Nc4 41.Rae1 Bd5 42.Rxe7+ 
Rxe7 43.Nbd2 Qe8 44.Rxe7+ Qxe7 45.Be4 Nb2 46.Bc2 Kf7 47.Nb1 Nc4 48.Bb3 Ne3
49.Bxd5+ cxd5 50.Qe2 Nxf1 51.Qxe7+ Kxe7 52.Kxf1 Kd6 53.Ke2 Kc6 54.Na3 Bd6 
55.Nb5 Be7 56.Kd3 f5 57.c4 Bb4 58.Nc3 dxc4+ 59.Kxc4 Bd6 60.Nd1 Bf8 61.Nf2 
Bg7 62.Nd3 Bf6 63.Nb4+ Kd6 64.Nd5 Bd8 65.Nc3 Bf6 66.Nb5+ Kc6 67.d5+ Kd7 
68.Nd4 Bxd4 69.Kxd4 Kd6 70.Kc4 Ke5 71.Kb5 Kxd5 72.Kxb6 Kd4 73.a5 Ke3 74.a6
Kf2 75.a7 Kxg2 76.a8=Q Kxh3 77.Qd5 Kg3 78.Qxf5 Kxf3 79.Qxg5 h3 80.Qh4 Kg2 
81.Qg4+ 1-0

[Event "10th Essent op"]
[Site "Hoogeveen NED"]
[Date "2006.10.23"]
[Round "4.5"]
[White "Okkes, Menno"]
[Black "Werle, Jan"]
[Result "1/2-1/2"]
[WhiteElo "2355"]
[BlackElo "2551"]
[EventDate "2006.10.20"]
[PlyCount "56"]

1.e4 e5 2.Nf3 Nc6 3.Nc3 Nf6 4.d4 exd4 5.Nxd4 Bb4 6.Nxc6 bxc6 7.Bd3 d5 8.
exd5 cxd5 9.O-O O-O 10.Bg5 c6 11.Qf3 Bd6 12.Rae1 Rb8 13.Nd1 h6 14.Bxf6 
Qxf6 15.Qxf6 gxf6 16.b3 Bd7 17.Ne3 Bb4 18.Rd1 Rfe8 19.Nf5 h5 20.Ng3 h4 21.
Nf5 h3 22.gxh3 Re5 23.Nh6+ Kg7 24.Ng4 Rh5 25.Kh1 Bc3 26.Rg1 Kf8 27.Rg3 Be5
28.f4 Bxf4 1/2-1/2

[Event "10th Essent op"]
[Site "Hoogeveen NED"]
[Date "2006.10.23"]
[Round "4.6"]
[White "Ikonnikov, Vyacheslav"]
[Black "Bitalzadeh, Ali"]
[Result "1/2-1/2"]
[WhiteElo "2587"]
[BlackElo "2345"]
[EventDate "2006.10.20"]
[PlyCount "114"]

1.d4 Nf6 2.c4 e6 3.Nc3 Bb4 4.Bg5 d5 5.Nf3 O-O 6.e3 c5 7.cxd5 cxd4 8.Qxd4 
Bxc3+ 9.bxc3 exd5 10.Bxf6 Qxf6 11.Qxf6 gxf6 12.Nd4 Nc6 13.Kd2 Nxd4 14.cxd4
Bf5 15.Bd3 Bxd3 16.Kxd3 Rfd8 17.Rac1 Rd7 18.a4 Kf8 19.a5 Ke7 20.Rc5 Rad8 
21.Rb1 f5 22.Ke2 Kd6 23.Kf3 Ke6 24.Kf4 Rg8 25.g3 Rg4+ 26.Kf3 Rg8 27.h3 Rb8
28.Kf4 b6 29.Rc6+ Rd6 30.Rxd6+ Kxd6 31.axb6 axb6 32.Kxf5 b5 33.Rb4 Kc6 34.
Kf6 Rb7 35.Kg7 h5 36.Kf6 Ra7 37.Rb2 Rb7 38.Rc2+ Kb6 39.h4 b4 40.g4 hxg4 
41.h5 Kb5 42.h6 Rb6+ 43.Kg5 g3 44.fxg3 Rg6+ 45.Kh5 Rxg3 46.Rc5+ Ka4 47.
Rxd5 b3 48.Rf5 b2 49.Rxf7 Rxe3 50.Ra7+ Kb3 51.Rb7+ Kc2 52.h7 Rh3+ 53.Kg6 
b1=Q 54.Rxb1 Kxb1 55.d5 Rg3+ 56.Kf6 Rh3 57.Kg7 Rg3+ 1/2-1/2

[Event "10th Essent op"]
[Site "Hoogeveen NED"]
[Date "2006.10.23"]
[Round "4.8"]
[White "Rogers, Ian"]
[Black "Afek, Yochanan"]
[Result "1-0"]
[WhiteElo "2526"]
[BlackElo "2372"]
[EventDate "2006.10.20"]
[PlyCount "31"]

1.d4 d5 2.c4 dxc4 3.Nc3 c5 4.d5 e6 5.e4 exd5 6.Nxd5 Ne7 7.Bxc4 Nxd5 8.Bxd5
Be7 9.Ne2 O-O 10.O-O Na6 11.Bf4 Qb6 12.Qd2 Be6 13.Nc3 Nb4 14.a3 Nxd5 15.
exd5 Rad8 16.Qe2 1-0

[Event "10th Essent op"]
[Site "Hoogeveen NED"]
[Date "2006.10.23"]
[Round "4.9"]
[White "Van der Wiel, John"]
[Black "Tondivar, Babak"]
[Result "1/2-1/2"]
[WhiteElo "2522"]
[BlackElo "2367"]
[EventDate "2006.10.20"]
[PlyCount "87"]

1.e4 e6 2.d4 d5 3.Nd2 c5 4.exd5 exd5 5.Ngf3 Nc6 6.Bb5 Bd6 7.dxc5 Bxc5 8.
O-O Ne7 9.Nb3 Bd6 10.Re1 O-O 11.c3 Bg4 12.Be2 Re8 13.Bg5 h6 14.Bxe7 Rxe7 
15.Nfd4 Nxd4 16.Nxd4 Bxe2 17.Rxe2 Qb6 18.Qb3 Qxb3 19.axb3 Rxe2 20.Nxe2 a6 
21.Rd1 Rd8 22.g3 Be5 23.Kg2 Kf8 24.Nc1 Ke7 25.Nd3 Bd6 26.Ne1 Ke6 27.b4 g6 
28.Kf3 h5 29.Nc2 Be5 30.h4 Bf6 31.Ne1 Be5 32.Nd3 Bd6 33.Nc1 Bc7 34.Rd2 Rc8
35.Re2+ Kf6 36.Rd2 Ke6 37.Ne2 Be5 38.Nd4+ Bxd4 39.Rxd4 f6 40.g4 hxg4+ 41.
Kxg4 Rh8 42.b5 a5 43.b6 Rc8 44.Rd2 1/2-1/2

[Event "10th Essent op"]
[Site "Hoogeveen NED"]
[Date "2006.10.23"]
[Round "4.10"]
[White "Hort, Vlastimil"]
[Black "Vul, Arkady"]
[Result "1-0"]
[WhiteElo "2501"]
[BlackElo "2365"]
[EventDate "2006.10.20"]
[PlyCount "81"]

1.e4 e5 2.Bc4 Nf6 3.d3 c6 4.Qe2 Be7 5.Nf3 O-O 6.Bb3 d6 7.c3 a5 8.Nbd2 a4 
9.Bc2 c5 10.O-O Nc6 11.Re1 h6 12.a3 Nh7 13.b4 axb3 14.Bxb3 Kh8 15.Nf1 Ng5 
16.Bd5 Bg4 17.Bxg5 Bxg5 18.Reb1 Qc7 19.h3 Bxf3 20.Qxf3 Ra7 21.g3 Rfa8 22.
h4 Bf6 23.Ne3 Rf8 24.Rb3 Bd8 25.Rab1 g6 26.h5 Kg7 27.Qg4 Bf6 28.Kg2 Na5 
29.Rb6 Ra6 30.Rxb7 Nxb7 31.Rxb7 Qxb7 32.Bxb7 Rxa3 33.Nf5+ Kh7 34.Nxd6 Rxc3
35.Nxf7 gxh5 36.Qxh5 Rxd3 37.Nxh6 c4 38.Ng4+ Kg7 39.Qh6+ Kg8 40.Nxf6+ Kf7 
41.Bd5+ 1-0

[Event "10th Essent op"]
[Site "Hoogeveen NED"]
[Date "2006.10.23"]
[Round "4.12"]
[White "Pruijssers, Roeland"]
[Black "Piskov, Yury"]
[Result "0-1"]
[WhiteElo "2339"]
[BlackElo "2452"]
[EventDate "2006.10.20"]
[PlyCount "60"]

1.e4 e6 2.d4 d5 3.Nc3 Nf6 4.e5 Nfd7 5.f4 c5 6.Nf3 a6 7.Be3 b5 8.a3 Qb6 9.
Qd2 Nc6 10.Ne2 c4 11.g4 b4 12.a4 h5 13.gxh5 c3 14.bxc3 bxc3 15.Nxc3 Bb4 
16.Qd3 Ba5 17.Ra3 Rb8 18.Kf2 Rxh5 19.Be2 Qc7 20.Rb3 Rb4 21.Rg1 Kf8 22.Rg2 
Rh3 23.Rg4 Rc4 24.Kg2 Rh8 25.Bc1 Kg8 26.Bb2 Ne7 27.Nd2 f5 28.Nxc4 dxc4 29.
Qd2 cxb3 30.cxb3 Bb7+ 0-1

[Event "10th Essent op"]
[Site "Hoogeveen NED"]
[Date "2006.10.23"]
[Round "4.13"]
[White "Ly, Moulthun"]
[Black "Peng, Zhaoqin"]
[Result "0-1"]
[WhiteElo "2274"]
[BlackElo "2437"]
[EventDate "2006.10.20"]
[PlyCount "84"]

1.e4 e6 2.d4 d5 3.Nd2 c5 4.exd5 Qxd5 5.Ngf3 cxd4 6.Bc4 Qd6 7.Qe2 Nf6 8.Nb3
Nc6 9.Bg5 a6 10.O-O-O b5 11.Bd3 Be7 12.Kb1 e5 13.c3 Be6 14.cxd4 e4 15.Bxe4
Nxe4 16.Qxe4 Bd5 17.Qf5 O-O 18.Rhe1 Ra7 19.Bxe7 Rxe7 20.Rxe7 Nxe7 21.Qe5 
Qg6+ 22.Ka1 Bxb3 23.axb3 Nc6 24.Qc5 Rd8 25.d5 Qd6 26.Qc3 h6 27.Rd2 Nb4 28.
Ne5 Re8 29.Nd3 Nxd5 30.Qd4 Qc6 31.Ka2 Nf6 32.f3 Qc7 33.Qc3 Qxh2 34.Nc5 Qf4
35.b4 Rc8 36.Ne6 Qb8 37.Qxc8+ Qxc8 38.Rd8+ Qxd8 39.Nxd8 Nd5 40.Kb3 Kf8 41.
Nc6 h5 42.Nb8 h4 0-1

[Event "10th Essent op"]
[Site "Hoogeveen NED"]
[Date "2006.10.23"]
[Round "4.14"]
[White "Shumiakina, Tatiana"]
[Black "Donchenko, Anatoly G"]
[Result "1/2-1/2"]
[WhiteElo "2363"]
[BlackElo "2395"]
[EventDate "2006.10.20"]
[PlyCount "30"]

1.d4 d5 2.c4 c6 3.Nf3 Nf6 4.e3 a6 5.Bd3 b5 6.b3 Bg4 7.Nbd2 Nbd7 8.Bb2 e6 
9.Qc2 Bh5 10.O-O Be7 11.h3 Bg6 12.Rac1 Bxd3 13.Qxd3 O-O 14.cxd5 cxd5 15.
Rc2 Rc8 1/2-1/2

[Event "10th Essent op"]
[Site "Hoogeveen NED"]
[Date "2006.10.23"]
[Round "4.15"]
[White "Kleijn, Christov"]
[Black "Willemze, Thomas"]
[Result "0-1"]
[WhiteElo "2108"]
[BlackElo "2384"]
[EventDate "2006.10.20"]
[PlyCount "76"]

1.e4 e6 2.d4 d5 3.Nc3 Bb4 4.e5 b6 5.Qg4 Bf8 6.Be3 Qd7 7.h4 h5 8.Qd1 Ba6 9.
Nge2 c5 10.Nf4 Bxf1 11.Kxf1 Nc6 12.Nce2 cxd4 13.Bxd4 Qc7 14.c3 Nge7 15.Ng3
g6 16.Nd3 Bh6 17.Kg1 Nxd4 18.cxd4 Qc4 19.Ne2 Rc8 20.f4 O-O 21.b3 Qc2 22.
Kf2 Nf5 23.Qxc2 Rxc2 24.Nb4 Rb2 25.Nd3 Rd2 26.Rhd1 Rxd1 27.Rxd1 Rc8 28.Rd2
Nxh4 29.Ng3 Rc3 30.Ne2 Rc7 31.Ng3 a5 32.Kg1 a4 33.bxa4 Rc4 34.Ne2 Rxa4 35.
Rb2 Nf5 36.Nb4 g5 37.fxg5 Bxg5 38.Nc2 Ne3 0-1

[Event "10th Essent op"]
[Site "Hoogeveen NED"]
[Date "2006.10.23"]
[Round "4.16"]
[White "Brandenburg, Daan"]
[Black "Postny, Evgeny"]
[Result "0-1"]
[WhiteElo "2421"]
[BlackElo "2609"]
[EventDate "2006.10.20"]
[PlyCount "48"]

1.e4 e5 2.Nf3 Nc6 3.d4 exd4 4.Bc4 Nf6 5.e5 Ne4 6.Qe2 Nc5 7.O-O Be7 8.Rd1 
d5 9.Bb5 O-O 10.Bxc6 bxc6 11.Nxd4 Qe8 12.c4 f6 13.Nc3 fxe5 14.Qxe5 Qf7 15.
Qe2 Bd6 16.cxd5 Bg4 17.f3 Rae8 18.Qd2 Qh5 19.h3 Qh4 20.Qf2 Bg3 21.Qd2 Bd6 
22.Qf2 Bg3 23.Qd2 Bxh3 24.Qg5 Qxd4+ 0-1

[Event "10th Essent op"]
[Site "Hoogeveen NED"]
[Date "2006.10.23"]
[Round "4.17"]
[White "Dambacher, Martijn"]
[Black "Slingerland, Fred"]
[Result "1-0"]
[WhiteElo "2429"]
[BlackElo "2331"]
[EventDate "2006.10.20"]
[PlyCount "63"]

1.c4 e5 2.Nc3 Nf6 3.g3 d5 4.cxd5 Nxd5 5.Bg2 Nb6 6.Nf3 Nc6 7.O-O Be7 8.a3 
O-O 9.b4 a6 10.d3 Re8 11.Bb2 Bf8 12.Rc1 Nd4 13.Ne4 a5 14.Nxd4 exd4 15.b5 
a4 16.Nc5 Bxc5 17.Rxc5 Qd6 18.Qc2 Bg4 19.e3 dxe3 20.fxe3 Be2 21.Rg5 Bxf1 
22.Rxg7+ Kf8 23.Qf2 Re7 24.Rxh7 f6 25.Rh6 Ke8 26.Qxf1 c6 27.bxc6 bxc6 28.
Bxf6 Rxe3 29.Bg5 Re6 30.Rh7 Qf8 31.Bxc6+ Rxc6 32.Qe2+ 1-0

[Event "10th Essent op"]
[Site "Hoogeveen NED"]
[Date "2006.10.23"]
[Round "4.18"]
[White "Hendriks, Willy"]
[Black "Schuurman, Petra"]
[Result "0-1"]
[WhiteElo "2438"]
[BlackElo "2239"]
[EventDate "2006.10.20"]
[PlyCount "126"]

1.e4 c6 2.d4 d5 3.exd5 cxd5 4.c4 Nf6 5.Nc3 g6 6.cxd5 Bg7 7.Bb5+ Nbd7 8.d6 
exd6 9.Qe2+ Qe7 10.Bf4 Qxe2+ 11.Ngxe2 Ke7 12.O-O Nb6 13.Rfe1 Rd8 14.Ng3+ 
Be6 15.Rad1 a6 16.Be2 Nfd5 17.Bg5+ Bf6 18.Nxd5+ Nxd5 19.Ne4 Bxg5 20.Nxg5 
h5 21.Bc4 Kf6 22.h4 Rac8 23.Ne4+ Kg7 24.Bxd5 Bxd5 25.Nc3 Be6 26.d5 Bf5 27.
Re7 Rd7 28.Rxd7 Bxd7 29.Rd2 Kf8 30.f3 Bf5 31.Kf2 Rc4 32.g3 b5 33.a3 b4 34.
axb4 Rxb4 35.Re2 Kg7 36.Rd2 Kf6 37.Ne2 Ke5 38.f4+ Kf6 39.Nd4 Be4 40.Ke3 
Bxd5 41.Ne2 Rb3+ 42.Kd4 Be6 43.Ke4 Ke7 44.Kd4 Rf3 45.Rd3 Bg4 46.Rxf3 Bxf3 
47.Nc1 Ke6 48.b4 Kf5 49.Ke3 Bd1 50.Na2 Ba4 51.Nc3 Bc6 52.Ne2 Ke6 53.Kd4 
Bf3 54.Nc3 Kd7 55.Ke3 Bc6 56.Ne2 Ke6 57.f5+ Ke5 58.fxg6 fxg6 59.Nf4 Be4 
60.Ne2 Bf5 61.Nd4 Kd5 62.b5 a5 63.b6 Bc8 0-1

[Event "10th Essent op"]
[Site "Hoogeveen NED"]
[Date "2006.10.23"]
[Round "4.20"]
[White "Khairullin, Ildar"]
[Black "Van Kooten, Luuk"]
[Result "1-0"]
[WhiteElo "2543"]
[BlackElo "2291"]
[EventDate "2006.10.20"]
[PlyCount "73"]

1.e4 c5 2.Nf3 Nc6 3.d4 cxd4 4.Nxd4 Nf6 5.Nc3 e5 6.Ndb5 d6 7.Bg5 a6 8.Na3 
b5 9.Nd5 Be7 10.Bxf6 Bxf6 11.c4 b4 12.Nc2 a5 13.g3 Bg5 14.h4 Bh6 15.Bh3 
Be6 16.Kf1 O-O 17.Kg2 Ne7 18.Nxe7+ Qxe7 19.Qd3 Rad8 20.b3 Qb7 21.Bxe6 fxe6
22.Rad1 Qb6 23.Rhf1 Rd7 24.Qe2 Rdf7 25.Rd3 Bc1 26.Ne1 Bh6 27.Rf3 Rxf3 28.
Nxf3 Qc6 29.Rd1 Qc7 30.Nh2 g6 31.h5 Qe7 32.hxg6 hxg6 33.Qg4 Rf6 34.Qh3 Bf8
35.Ng4 Rf7 36.Rh1 Bg7 37.Qh7+ 1-0

[Event "10th Essent op"]
[Site "Hoogeveen NED"]
[Date "2006.10.23"]
[Round "4.23"]
[White "Van Delft, Merijn"]
[Black "Mamedjarova, Zeinab"]
[Result "1/2-1/2"]
[WhiteElo "2404"]
[BlackElo "2318"]
[EventDate "2006.10.20"]
[PlyCount "63"]

1.e4 c5 2.Nf3 Nc6 3.d4 cxd4 4.Nxd4 Nf6 5.Nc3 e5 6.Ndb5 d6 7.Bg5 a6 8.Na3 
b5 9.Nd5 Be7 10.Bxf6 Bxf6 11.c3 Ne7 12.Nxf6+ gxf6 13.Nc2 f5 14.exf5 Bxf5 
15.Ne3 Be6 16.g3 O-O 17.Bg2 Rc8 18.O-O f5 19.f4 Qb6 20.Qd2 b4 21.cxb4 Rc4 
22.a3 e4 23.Qf2 Rc7 24.Nc2 Qxf2+ 25.Rxf2 Rfc8 26.Nd4 Bc4 27.Bf1 Bxf1 28.
Rfxf1 Kf7 29.Rad1 Rc4 30.Rfe1 d5 31.Kf2 Kf6 32.Ke3 1/2-1/2

[Event "10th Essent op"]
[Site "Hoogeveen NED"]
[Date "2006.10.23"]
[Round "4.24"]
[White "Grooten, Herman"]
[Black "Vedder, Richard"]
[Result "1/2-1/2"]
[WhiteElo "2387"]
[BlackElo "2248"]
[EventDate "2006.10.20"]
[PlyCount "139"]

1.d4 d5 2.c4 dxc4 3.Nf3 a6 4.e3 Nf6 5.Bxc4 e6 6.O-O c5 7.dxc5 Bxc5 8.Qxd8+
Kxd8 9.Ne5 Ke7 10.Be2 Nfd7 11.Nd3 Bd6 12.Nd2 Nc5 13.Nxc5 Bxc5 14.Ne4 Bb4 
15.a3 Ba5 16.b4 Bb6 17.a4 f5 18.Nd2 Bd7 19.Bb2 Bc6 20.b5 axb5 21.axb5 Rxa1
22.Rxa1 Bd5 23.Ba3+ Kf6 24.Rc1 Nd7 25.Nc4 Bc7 26.Nd6 Bb8 27.g4 fxg4 28.
Bb2+ Kg6 29.Bd3+ Kh5 30.Ne4 Ne5 31.Ng3+ Kh6 32.Bxe5 Bxe5 33.e4 Bb3 34.Rc5 
Bxg3 35.fxg3 Rd8 36.Rc3 Bd1 37.Kf2 Kg5 38.Rc5+ Kf6 39.e5+ Ke7 40.Bxh7 Bf3 
41.h4 b6 42.Rc7+ Rd7 43.Rxd7+ Kxd7 44.Ke3 Ke7 45.Bd3 Kf7 46.Kf4 Bd1 47.Kg5
Bf3 48.Bg6+ Ke7 49.Bh5 Be2 50.Bxg4 Bd3 51.Bd1 Bxb5 52.Kf4 Be8 53.Bc2 Bc6 
54.Ke3 Be8 55.Kd4 Bh5 56.Kc4 Kd7 57.Kb5 Kc7 58.Bb3 Be2+ 59.Bc4 Bxc4+ 60.
Kxc4 Kc6 61.g4 b5+ 62.Kd4 b4 63.h5 b3 64.Kc3 Kd5 65.g5 Kxe5 66.h6 gxh6 67.
gxh6 Kf6 68.Kxb3 Kg6 69.Kc3 Kxh6 70.Kd4 1/2-1/2

[Event "10th Essent op"]
[Site "Hoogeveen NED"]
[Date "2006.10.23"]
[Round "4.25"]
[White "Weeks, Manuel"]
[Black "Swinkels, Robin"]
[Result "0-1"]
[WhiteElo "2247"]
[BlackElo "2378"]
[EventDate "2006.10.20"]
[PlyCount "51"]

1.e4 e5 2.Nf3 Nc6 3.Bb5 a6 4.Ba4 Nf6 5.O-O b5 6.Bb3 Bc5 7.c3 d6 8.a4 Rb8 
9.d4 Bb6 10.Na3 O-O 11.axb5 axb5 12.Nxb5 exd4 13.cxd4 Bg4 14.Ra4 d5 15.
exd5 Nxd5 16.Bg5 Qd7 17.h3 Bh5 18.Nc3 Ndb4 19.d5 Nd4 20.Rxb4 Nxf3+ 21.gxf3
Qxh3 22.Rg4 f5 23.d6+ Kh8 24.dxc7 Rbc8 25.Rg2 Bxf3 26.Rh2 0-1